E-nákup ako súčasť podnikového systému nákupu diplomová práca

Saved in:
Bibliographic Details
Main Author: Radičová, Klaudia
Corporate Author: Obchodná fakulta EU. Katedra marketingu
Other Authors: Oreský, Milan, 1956-
Format: Book
Language:Slovak
Published: Bratislava 2014
Tags: Add Tag
No Tags, Be the first to tag this record!

MARC

LEADER 00000nbm a2200000 4500
001 0194373
005 20161121132631.3
041 0 |a slo 
044 |a SK 
245 1 0 |a E-nákup ako súčasť podnikového systému nákupu  |b diplomová práca  |c Klaudia Radičová ; školiteľ: Milan Oreský 
264 1 |a Bratislava  |c 2014 
300 |a 67 s. 
100 1 |a Radičová, Klaudia 
700 1 |a Oreský, Milan, 1956- 
710 2 |a Obchodná fakulta EU. Katedra marketingu